Les méchants Disney jouables dans les jeux Villainous - Statistiques

Statistiques générales
  • Ce quiz a été pris 18 fois
    14 depuis la dernière actualisation
  • Le résultat moyen est 21 sur 41
Statistiques - réponses
Jeu Personnage % Correct
Villainous- Quel méchant sommeille en vous ? (boîte de base) Maléfique
100%
Villainous- Mauvais jusqu'à l'os (Extension 1) Méchante reine
100%
Villainous- Cruellement infects (Extension 3) Cruella
91%
Villainous- Monstrueusement malsains (Extension 4) Gaston
91%
Villainous- Quel méchant sommeille en vous ? (boîte de base) Ursula
91%
Villainous- Quel méchant sommeille en vous ?(boîte de base) Jafar
82%
Villainous- La fin est proche (Extension 2) Scar
82%
Villainous- Quel méchant sommeille en vous ? (boîte de base) Capitaine Crochet
73%
Villainous- Plus grands, plus méchants (Extension 5) Madame Mim
73%
Villainous- Quel méchant sommeille en vous ? (boîte de base) Prince Jean
73%
Villainous- La fin est proche (Extension 2) Ratigan
73%
Villainous- Mauvais jusqu'à l'os (Extension 1) Docteur Facilier
64%
Villainous- Mauvais jusqu'à l'os (Extension 1) Hadès
64%
Villainous- Monstrueusement malsains (Extension 4) Lady Tremaine
64%
Villainous- Plus grands, plus méchants (Extension 5) Lotso
64%
Villainous- Cruellement infects (Extension 3) Pat Hibulaire
64%
Villainous- Quel méchant sommeille en vous ? (boîte de base) Reine de Coeur
64%
Villainous- Monstrueusement malsains (Extension 4) Seigneur des ténèbres
64%
Villainous- Plus grands, plus méchants (Extension 5) Syndrome
64%
Villainous- La fin est proche (Extension 2) Yzma
64%
Villainous- Morsure sucrée (Extension 6) Shere Khan
55%
Villainous Marvel Thanos
55%
Villainous Star Wars Dark Vador
45%
Villainous- Rempli d'Effroi Oogie Boogie
45%
Villainous- Morsure sucrée (Extension 6) Sa Sucrerie
45%
Villainous Star Wars- Vermine et Trahison (Extension 1) Bobba Fett
36%
Villainous Marvel- Le pouvoir du mensonge (Extension 1) Loki
36%
Villainous Marvel- We are Venom (Extension 2) Venom
36%
Villainous Star Wars Asajj Ventress
27%
Villainous Star Wars General Grievous
27%
Villainous Star Wars Kylo Ren
27%
Villainous Marvel Ultron
27%
Villainous Marvel Héla
18%
Villainous Marvel Killmonger
18%
Villainous Marvel- Le pouvoir du mensonge (Extension 1) Madame Masque
18%
Villainous Marvel- Le pouvoir du mensonge (Extension 1) M.O.D.O.K
18%
Villainous Star Wars Moff Gideon
18%
Villainous Marvel Taskmaster
18%
Villainous Star Wars- Vermine et Trahison (Extension 1) Cad Bane
9%
Villainous Star Wars- Vermine et Trahison (Extension 1) Septième Soeur
9%
Villainous- Cruellement infects (Extension 3) Goetel
0%
Aucun quiz correspondant
Distribution des résultats
% des personnes avec chaque résultat
Percentile par nombre de réponses
Votre historique - résultats
Vous n’avez pas pris ce quiz depuis la dernière actualisation